Central Library OPAC University of Rajshahi

রবীন্দ্রনাথ নজরুল ইসলাম ও অন্যান্য প্রসঙ্গ / (Record no. 44079)

MARC details
000 -LEADER
fixed length control field 00962nam a22002297a 4500
001 - CONTROL NUMBER
control field 44079
003 - CONTROL NUMBER IDENTIFIER
rucl marc code BD-RjUL
005 - DATE AND TIME OF LATEST TRANSACTION
control field 20250304142931.0
008 - FIXED-LENGTH DATA ELEMENTS--GENERAL INFORMATION
fixed length control field 160713s1989 bg ||||| |||| 00| 0 ben d
020 ## - INTERNATIONAL STANDARD BOOK NUMBER
Terms of availability : TK 100.00
035 ## - SYSTEM CONTROL NUMBER
System control number (BD-RjUL)44197
040 ## - CATALOGING SOURCE
Original cataloging agency BD-RjUL
Language of cataloging ben
Transcribing agency BD-RjUL
041 ## - LANGUAGE CODE
Language code of text/sound track or separate title ben
082 ## - DEWEY DECIMAL CLASSIFICATION NUMBER
Edition number 23
Classification number 891.4409
Author mark and year MAR 1989
100 ## - MAIN ENTRY--PERSONAL NAME
Personal name মান্নান, কাজী আবদুল
9 (RLIN) 135192
245 10 - TITLE STATEMENT
Title রবীন্দ্রনাথ নজরুল ইসলাম ও অন্যান্য প্রসঙ্গ /
Statement of responsibility, etc. কাজী আবদুল মান্নান
260 ## - PUBLICATION, DISTRIBUTION, ETC. (IMPRINT)
Place of publication, distribution, etc. ঢাকা :
Name of publisher, distributor, etc. মডার্ণ লাইব্রেরী,
Date of publication, distribution, etc. ১৯৮৯
300 ## - PHYSICAL DESCRIPTION
Pagination ২৮৪ পৃ. ;
Size ২১ সেমি.
650 ## - SUBJECT ADDED ENTRY--TOPICAL TERM
Topical term or geographic name as entry element বাংলা সাহিত্য
General subdivision ইতিহাস ও সমালোচনা
9 (RLIN) 135362
Topical term or geographic name as entry element Bengali Literature
General subdivision History & Criticism
9 (RLIN) 135363
942 ## - ADDED ENTRY ELEMENTS (KOHA)
Source of classification or shelving scheme Dewey Decimal Classification
Koha item type Books
Holdings
Lost status Source of classification or shelving scheme Damaged status Not for loan Collection code Permanent Location Current Location Shelving location Date acquired Source of acquisition Cost, normal purchase price Full call number Date last seen Copy number Koha item type Total Checkouts
  Dewey Decimal Classification     Non-fiction Central Library, University of Rajshahi Central Library, University of Rajshahi General Stacks 06/09/1989 Bangla Bivag R. U. 100.00 B 891.4409 MAR 1989 13/07/2016 C-2 Books  
  Dewey Decimal Classification   Not For Loan Non-fiction Central Library, University of Rajshahi Central Library, University of Rajshahi Reading Room 20/12/1989 Rajshahi : Emprial Library 100.00 B 891.4409 MAR 1989 04/03/2025 C-1 Books